| 000 | 00888nam a2200253 a 4500 | ||
|---|---|---|---|
| 001 | 26233 | ||
| 003 | CO-ViMGA | ||
| 005 | 20230915232152.0 | ||
| 008 | 141112s2004 ck r 000 u spa d | ||
| 020 | _a9786077071198 | ||
| 040 |
_aCO-ViMGA _bspa _cCO-ViMGA |
||
| 041 | _aspa | ||
| 082 | 0 | 4 | _a371.334 A53c |
| 100 | 1 |
_aAlfie, A. Gabriela. _940949 |
|
| 245 | 1 | 0 |
_aComputación práctica para docentes : _bcompetencias en TIC para dar clases / _cGabriela Alfie, Claudio Veloso. |
| 260 |
_aMéxico : _bAlfaomega, _c2011. |
||
| 300 | _a365 p. : il. ; 23 cm. | ||
| 504 | _aIncluye bibliografía. | ||
| 650 | 1 | 4 |
_aInnovaciones educativas. _955642 |
| 700 | 1 |
_aVeloso, Claudio. _940950 |
|
| 852 | _17.648.30 | ||
| 942 |
_2ddc _cBK |
||
| 949 | _an n | ||
| 999 |
_c33422 _d33422 |
||